000 00627nam a2200241Ia 4500
003 OSt
005 20221007070609.0
006 a|||||r|||| 00| 0
007 ta
008 221006b |||||||| |||| 00| 0 eng d
024 _a43,336
037 _cTextual
040 _aFLL
_cFLL
_beng
041 _2eng
_aeng
082 _aZ2,1,6qN25, Q5
100 _aParuck P.L.
_9342483
245 0 _aIndian succession act, 1925
250 _a11th
260 _aGurgaon
_bLexisNexis India
_c2015
300 _accxiv,1396p
_ccm.
942 _hZ2,1,6qN25, Q5
_cTEXL
_2CC
999 _c1140987
_d1140987